Statistics for High school musical Can I Have This Dance lyrics

Click here to take the quiz!

General Stats

  • This quiz has been taken 513 times
  • The average score is 229 of 290

Answer Stats

Answer% Correct
a
99%
hand
98%
my
98%
Take
98%
take
98%
i
97%
I
97%
me
97%
on
97%
the
97%
you
97%
and
96%
one
96%
step
96%
be
95%
keep
95%
breath
94%
your
94%
close
93%
mine
92%
let
91%
to
91%
we
91%
eyes
90%
music
90%
can
89%
guide
89%
in
88%
have
87%
dance
86%
ever
86%
like
86%
this
86%
it
85%
pull
85%
so
85%
do
82%
million
81%
won't
81%
chances
80%
promise
80%
catch
79%
it's
79%
that
79%
locked
77%
someone
77%
where
77%
with
77%
every
76%
of
76%
way
76%
dancing
75%
together
75%
better
74%
no
73%
getting
72%
feeling
71%
finding
71%
just
71%
catching
70%
for
69%
go
66%
lead
65%
next
64%
never
63%
will
61%
I'll
60%
you'll
60%
is
58%
all
57%
don't
57%
know
57%
forget
55%
safe
55%
afraid
54%
fall
53%
we'll
53%
now
49%
through
49%
turn
49%
are
46%
apart
45%
cause
45%
too
45%
high
44%
rain
43%
us
43%
were
43%
heart
42%
oh
42%
our
42%
can't
41%
pour
40%
what
40%
mountains
39%
oceans
39%
wide
38%
fighting
37%
meant
37%
stop
37%
believe
36%
not
36%
or
36%
worth
34%
thousand
32%
even
30%
miles
30%
lightening
26%

Score Distribution

Percentile by Number Answered

Percent of People with Each Score

Your Score History

You have not taken this quiz